10 Biggest cities in Belarus - Statistics

General Stats
  • This quiz has been taken 282 times
  • The average score is 6 of 10
Answer Stats
Population Cities % Correct
1 742 124 Minsk
100%
300 715 Brest
89%
342 700 Vitebsk
67%
480 951 Homyel
65%
317 365 Hrodna
52%
130 777 Pinsk
46%
220 517 Babruysk
40%
168 772 Baranovichi
39%
143 919 Barysaw
39%
369 200 Mahilyow
27%
No matching quizzes found
Score Distribution
Percent of People with Each Score
Percentile by Number Answered
Your Score History
You have not taken this quiz